| 000 | 00382nam a22001457a 4500 | ||
|---|---|---|---|
| 003 | OSt | ||
| 005 | 20220216162011.0 | ||
| 008 | 220216b |||||||| |||| 00| 0 eng d | ||
| 020 | _a9788177587715 | ||
| 040 | _cH U | ||
| 082 | _a629.89 | ||
| 100 |
_aHackworth John R. _930725 |
||
| 245 |
_aProgrammable Logic Controllers _bProgramming Methods And Applications |
||
| 942 |
_2ddc _cBOOKS _n0 |
||
| 999 |
_c30649 _d30649 |
||